000 00620nam a2200229Ia 4500
001 48100
005 20240114003855.0
007 ta
008 090511s1931 g b000 u Eng u
040 _aCotton College Assam
041 _aEng
082 _a332.317
_bH 618 W
100 _aHirst, Francis W. .
245 0 _aWall Street And Lombard Street /
_cFrancis W. Hirst.
_hTextual Documents
250 _a1st ed. /
260 _aNew York :
_bThe Macmillan Company ,
_c1931.
300 _aix,180p. ;
_c18 cm..
653 _aT/G-Economics
942 _2ddc
_cBK
999 _c48065
_d48065